| 000 | 01137nam a2200361 i 4500 | ||
|---|---|---|---|
| 003 | EG-GICUC | ||
| 005 | 20260514140924.0 | ||
| 008 | 260514s2004 fr f |||| 001 0bfre d | ||
| 020 | _a9782842004064 | ||
| 020 | _a284200406X | ||
| 040 |
_aEG-GiCUC _bfre _cEG-GiCUC _dEG-GiCUC _eRda |
||
| 041 | 0 | _afre | |
| 082 | 0 | 4 |
_221 _a345.25 _bME . D |
| 092 | 0 | 4 | _221 |
| 099 | _aLaw1 07 345.25 ME . D 1 ed - 2004 0705082 C1 | ||
| 100 | 1 |
_aMestre, Renan Le _eAuteur |
|
| 245 | 1 | 0 |
_aDroit Des Collectivités Territoriales / _cPar Renan Le Mestre. |
| 250 | _a1 Édition. | ||
| 264 | 1 |
_a Paris : _bGualino Éditeur, _c2004. |
|
| 300 |
_a560 page ; _c24 cm. |
||
| 336 |
_2rda contenu _a texte |
||
| 337 |
_2rda medias _aOrdinateur |
||
| 338 |
_2 transporteur rda _a Ressource en ligne |
||
| 500 | _aIndex Pages : 531-543. | ||
| 504 | _aComprend des références bibliographiques. | ||
| 546 | _aTexte en français | ||
| 650 | 1 | 4 |
_aDroit administratif _2qrmak |
| 650 | 1 | 4 |
_aGouvernement local _2qrmak |
| 651 | 1 | _2qrmak | |
| 856 | 4 | 0 | _uhttps://fll.law.cu.edu.eg/fulltext/bks/B07-05082.pdf |
| 905 | _a164 | ||
| 942 |
_2ddc _cBK _e21 _n0 |
||
| 999 |
_c76895 _d76895 |
||